[Event "Titled Tuesday intern op 23rd Apr Late"]
[Site "Chess.com INT"]
[Date "2024.04.23"]
[Round "9"]
[White "Olsen, Filip Boe"]
[Black "Bluebaum, Matthias"]
[Result "0-1"]
[WhiteElo "2440"]
[BlackElo "2649"]
[PlyCount "82"]
[EventDate "2024.04.23"]
[EventType "swiss (blitz)"]
[EventRounds "11"]
[EventCountry "USA"]
[SourceTitle "CB18_2024"]
[SourceDate "2024.05.01"]
[SourceVersion "1"]
[SourceVersionDate "2024.05.01"]
[SourceQuality "2"]

1. d4 d5 2. c4 e6 3. Nc3 Bb4 4. e3 Nf6 5. a3 Bxc3+ 6. bxc3 c6 7. Bd3 e5 8. Ne2 e4 9. Bb1 0-0 10. 0-0 b6 11. cxd5 cxd5 12. f3 Ba6 13. Rf2 Nc6 14. Ng3 Qe7 15. fxe4 Nxe4 16. Bxe4 dxe4 17. Qg4 g6 18. a4 f5 19. Rxf5 Rxf5 20. Nxf5 Qf6 21. Ng3 h5 22. Qd7 h4 23. Qd5+ Kh8 24. Ba3 hxg3 25. hxg3 Re8 26. Bd6 Rd8 27. Qxc6 Qxd6 28. Qxe4 Kg7 29. a5 b5 30. Ra2 Rd7 31. Rf2 Re7 32. Qa8 Rxe3 33. Qxa7+ Re7 34. Qa8 Re1+ 35. Kh2 Re3 36. Qa7+ Kh6 37. Rf4 g5 38. Rg4 Bc8 39. Rxg5 Kxg5 40. Qg7+ Qg6 41. Qg8 Qxg8 0-1

[Event "Titled Tuesday intern op 23rd Apr Late"]
[Site "Chess.com INT"]
[Date "2024.04.23"]
[Round "5"]
[White "Paravyan, David"]
[Black "Olsen, Filip Boe"]
[Result "0-1"]
[WhiteElo "2606"]
[BlackElo "2440"]
[PlyCount "126"]
[EventDate "2024.04.23"]
[EventType "swiss (blitz)"]
[EventRounds "11"]
[EventCountry "USA"]
[SourceTitle "CB18_2024"]
[SourceDate "2024.05.01"]
[SourceVersion "1"]
[SourceVersionDate "2024.05.01"]
[SourceQuality "2"]

1. e4 c6 2. d4 d5 3. e5 Bf5 4. Nf3 e6 5. Be2 Ne7 6. c3 Nd7 7. 0-0 h6 8. a4 g5 9. a5 Qc7 10. Nbd2 f6 11. exf6 Ng6 12. Ne5 Ngxe5 13. dxe5 Nxe5 14. Bh5+ Kd8 15. a6 b5 16. Nb3 c5 17. f4 gxf4 18. Bxf4 Bd6 19. Kh1 Nc4 20. Bxd6 Qxd6 21. Qe2 Kc7 22. f7 Raf8 23. Rae1 Rh7 24. Rxf5 exf5 25. Qe7+ Qxe7 26. Rxe7+ Kb6 27. Rb7+ Kc6 28. Rxa7 Nxb2 29. Re7 Nc4 30. a7 Nb6 31. Na5+ Kd6 32. Rb7 Na8 33. Rb8 Rhh8 34. Rb7 b4 35. cxb4 c4 36. b5 c3 37. Bd1 d4 38. Bc2 Rh7 39. Rb8 Rhxf7 40. b6 Nxb6 41. Rxb6+ Kc5 42. Rb8 Rxa7 43. Rxf8 Rxa5 44. Rxf5+ Kb4 45. Rf1 Ra2 46. Bg6 Rd2 47. h3 d3 48. Kh2 c2 49. Rf4+ Kc3 50. Rf8 c1Q 51. Rc8+ Kb2 52. Rxc1 Kxc1 53. Kg3 Rd1 54. Kh4 d2 55. Bh5 Rg1 56. g3 Kc2 57. Bf3 Kd3 58. Bh5 Ke3 59. Bg4 d1Q 60. Bxd1 Rxd1 61. g4 Kf4 62. Kh5 Rh1 63. h4 Rh2 0-1

[Event "Titled Tuesday intern op 16th Apr Late"]
[Site "Chess.com INT"]
[Date "2024.04.16"]
[Round "3"]
[White "Holt, Conrad"]
[Black "Olsen, Filip Boe"]
[Result "1-0"]
[WhiteElo "2540"]
[BlackElo "2440"]
[PlyCount "77"]
[EventDate "2024.04.16"]
[EventType "swiss (blitz)"]
[EventRounds "11"]
[EventCountry "USA"]
[SourceTitle "CB17_2024"]
[SourceDate "2024.04.24"]
[SourceVersion "1"]
[SourceVersionDate "2024.04.24"]
[SourceQuality "1"]

1. d4 d5 2. c4 e6 3. Nc3 Nf6 4. cxd5 exd5 5. Bg5 c6 6. e3 h6 7. Bh4 Be7 8. Qc2 0-0 9. Bd3 Re8 10. Nf3 Ne4 11. Bxe7 Qxe7 12. 0-0 Bf5 13. Rfe1 Nd7 14. Nd2 Nxd2 15. Bxf5 Nc4 16. Bd3 Nd6 17. Rad1 Nf6 18. f3 Nh5 19. Qf2 Qg5 20. h4 Qe7 21. g4 Nf6 22. Qg3 g6 23. Kg2 Kg7 24. e4 dxe4 25. fxe4 Nh7 26. e5 Nc8 27. d5 cxd5 28. Bb5 Rd8 29. Nxd5 Qc5 30. Nc3 Ne7 31. e6 fxe6 32. Rxd8 Rxd8 33. Rxe6 Rd2+ 34. Kh3 Nf6 35. Rxf6 Nf5 36. gxf5 Kxf6 37. Qxg6+ Ke5 38. Qe6+ Kf4 39. Qe4# 1-0

[Event "Titled Tuesday intern op 16th Apr Late"]
[Site "Chess.com INT"]
[Date "2024.04.16"]
[Round "2"]
[White "Phillips, Rene"]
[Black "Olsen, Filip Boe"]
[Result "0-1"]
[WhiteElo "1911"]
[BlackElo "2440"]
[PlyCount "72"]
[EventDate "2024.04.16"]
[EventType "swiss (blitz)"]
[EventRounds "11"]
[EventCountry "USA"]
[SourceTitle "CB17_2024"]
[SourceDate "2024.04.24"]
[SourceVersion "1"]
[SourceVersionDate "2024.04.24"]
[SourceQuality "1"]

1. Nf3 Nf6 2. d4 d5 3. Bf4 e6 4. e3 Bd6 5. Bg3 c5 6. c3 0-0 7. Nbd2 Qc7 8. Ne5 Nbd7 9. f4 b6 10. Bd3 Bb7 11. Qf3 g6 12. Bh4 Nh5 13. g4 Ng7 14. Nxd7 Qxd7 15. Bf6 Ne8 16. Bg5 f6 17. Bh6 Rf7 18. h4 e5 19. Qg2 cxd4 20. exd4 exf4 21. 0-0-0 Ng7 22. h5 g5 23. Rde1 Re8 24. Bxg7 Kxg7 25. Bf5 Qd8 26. h6+ Kg8 27. Nf3 Rfe7 28. Rxe7 Rxe7 29. Re1 Qe8 30. Kd2 Rxe1 31. Nxe1 Qe3+ 32. Kd1 a5 33. Qe2 Qxe2+ 34. Kxe2 Bf8 35. Be6+ Kh8 36. Nf3 Bxh6 0-1

[Event "SonFlow Cup"]
[Site "Kolding"]
[Date "2024.04.14"]
[Round "5"]
[White "Fromm, Marius"]
[Black "Olsen, Filip Boe"]
[Result "1/2-1/2"]
[WhiteElo "2454"]
[BlackElo "2440"]
[PlyCount "62"]
[EventDate "2024.04.12"]
[EventType "swiss"]
[EventRounds "5"]
[EventCountry "DEN"]
[SourceTitle "CB17_2024"]
[SourceDate "2024.04.24"]
[SourceVersion "1"]
[SourceVersionDate "2024.04.24"]
[SourceQuality "1"]

1. d4 d5 2. Nc3 c5 3. e4 dxe4 4. Bb5+ Bd7 5. dxc5 Nf6 6. Be3 e6 7. Nh3 Qa5 8. Bxd7+ Nbxd7 9. a3 Qc7 10. b4 b6 11. Nb5 Qc6 12. Nd4 Qd5 13. c4 Qxc4 14. c6 Ne5 15. Nf4 Be7 16. Rc1 Qa6 17. Qb3 Qc8 18. 0-0 0-0 19. h3 Rd8 20. Rfd1 Nd5 21. Ndxe6 fxe6 22. Rxd5 exd5 23. Nxd5 Kf8 24. Nxe7 Kxe7 25. Bg5+ Kf8 26. Bxd8 Qxd8 27. c7 Qe8 28. Qd5 Rc8 29. Qxe4 Nf7 30. Qxh7 Qd7 31. Qc2 Ne5 1/2-1/2

[Event "Titled Tuesday intern op 02nd Apr Late"]
[Site "Chess.com INT"]
[Date "2024.04.02"]
[Round "9"]
[White "Drygalov, Andrey"]
[Black "Olsen, Filip Boe"]
[Result "1-0"]
[WhiteElo "2455"]
[BlackElo "2440"]
[PlyCount "113"]
[EventDate "2024.04.02"]
[EventType "swiss (blitz)"]
[EventRounds "11"]
[EventCountry "USA"]
[SourceTitle "CB15_2024"]
[SourceDate "2024.04.10"]
[SourceVersion "1"]
[SourceVersionDate "2024.04.10"]
[SourceQuality "1"]

1. e4 c6 2. Nf3 d5 3. d3 g6 4. e5 Bg4 5. d4 e6 6. c3 c5 7. Nbd2 Nc6 8. h3 Bxf3 9. Nxf3 Bh6 10. Bxh6 Nxh6 11. g4 Ng8 12. Qd2 h5 13. Rg1 hxg4 14. hxg4 cxd4 15. cxd4 Nge7 16. 0-0-0 Qa5 17. Qxa5 Nxa5 18. b3 Nac6 19. Kb2 a6 20. Rc1 Nc8 21. Kc3 Ke7 22. Kd2 N8a7 23. Ke3 Nb5 24. a4 Nba7 25. Be2 Rac8 26. Rc5 Nb4 27. Rgc1 Nac6 28. Rd1 Rh3 29. Rcc1 Kd7 30. Kf4 Rch8 31. Rc5 Ke7 32. Rcc1 Rc8 33. Rh1 Rxh1 34. Rxh1 Na5 35. Rh7 Nxb3 36. Bd1 Nc1 37. Ng5 Rf8 38. Ke3 Nca2 39. Kd2 Nc6 40. Bc2 Ke8 41. Ke3 Nab4 42. Bb1 Rg8 43. Rxf7 Rf8 44. Rxf8+ Kxf8 45. Bxg6 Ke7 46. f4 a5 47. f5 Na2 48. f6+ Kd7 49. Bc2 Nab4 50. Bd1 Na2 51. Nf3 Nc3 52. Bc2 b5 53. axb5 Nxb5 54. g5 Nc3 55. g6 a4 56. g7 a3 57. g8Q 1-0

[Event "Titled Tuesday intern op 02nd Apr Late"]
[Site "Chess.com INT"]
[Date "2024.04.02"]
[Round "5"]
[White "Grigoriants, Sergey"]
[Black "Olsen, Filip Boe"]
[Result "1-0"]
[WhiteElo "2536"]
[BlackElo "2440"]
[PlyCount "119"]
[EventDate "2024.04.02"]
[EventType "swiss (blitz)"]
[EventRounds "11"]
[EventCountry "USA"]
[SourceTitle "CB15_2024"]
[SourceDate "2024.04.10"]
[SourceVersion "1"]
[SourceVersionDate "2024.04.10"]
[SourceQuality "1"]

1. d4 d5 2. c4 e6 3. Nc3 Nf6 4. cxd5 exd5 5. Bg5 Be7 6. e3 c6 7. Bd3 0-0 8. Qc2 h6 9. Bh4 Re8 10. Nge2 a5 11. Bg3 Na6 12. a3 Nc7 13. 0-0 Ne6 14. a4 b6 15. Rad1 Bb7 16. f3 c5 17. Nb5 Rc8 18. Qd2 h5 19. Bf5 g6 20. Bxe6 fxe6 21. Nf4 Kf7 22. Qd3 Rg8 23. e4 g5 24. Ne2 h4 25. Be5 Ba6 26. Bxf6 Bxf6 27. e5 Be7 28. f4 Kg7 29. fxg5 Bxg5 30. Rf7+ Kxf7 31. Qh7+ Rg7 32. Rf1+ Bf6 33. Rxf6+ Qxf6 34. Nd6+ Ke7 35. exf6+ Kxf6 36. Qxh4+ Rg5 37. Nxc8 Bxe2 38. Nd6 Bd3 39. Qh6+ Rg6 40. Qf8+ Kg5 41. Qf3 Bf5 42. Nxf5 exf5 43. Qxd5 cxd4 44. Qxd4 Rc6 45. Qd2+ Kf6 46. h3 Re6 47. Qc3+ Ke7 48. Kh2 Rd6 49. b4 axb4 50. Qxb4 Ke6 51. Qb5 Kf6 52. Qe8 Re6 53. Qf8+ Ke5 54. Qd8 Rd6 55. Qc7 Ke6 56. h4 Rd5 57. Qxb6+ Ke5 58. a5 Rd4 59. Qxd4+ Kxd4 60. a6 1-0

[Event "Titled Tuesday intern op 02nd Apr Late"]
[Site "Chess.com INT"]
[Date "2024.04.02"]
[Round "10"]
[White "Olsen, Filip Boe"]
[Black "Grischuk, Alexander"]
[Result "0-1"]
[WhiteElo "2440"]
[BlackElo "2728"]
[PlyCount "118"]
[EventDate "2024.04.02"]
[EventType "swiss (blitz)"]
[EventRounds "11"]
[EventCountry "USA"]
[SourceTitle "CB15_2024"]
[SourceDate "2024.04.10"]
[SourceVersion "1"]
[SourceVersionDate "2024.04.10"]
[SourceQuality "1"]

1. d4 e6 2. Nf3 c5 3. c3 Nf6 4. Bf4 cxd4 5. cxd4 Qb6 6. Qb3 Qxb3 7. axb3 Nc6 8. Nc3 b6 9. e4 Bb4 10. Bd3 Bb7 11. 0-0 0-0 12. h3 Na5 13. Nd2 Rfc8 14. Rfc1 d5 15. e5 Ne4 16. Ndxe4 dxe4 17. Bxe4 Bxe4 18. Nxe4 Rxc1+ 19. Rxc1 Nxb3 20. Rc4 a5 21. Be3 h6 22. Rc7 Rd8 23. Rb7 Nxd4 24. Rxb6 Nc2 25. Bc5 Bxc5 26. Nxc5 Rd5 27. Rc6 Nd4 28. Rc8+ Kh7 29. Ne4 Rxe5 30. Nd6 f6 31. Rc7 Nb5 32. Nxb5 Rxb5 33. Ra7 h5 34. g3 Kg6 35. h4 f5 36. Kg2 Kf6 37. Kf3 Rb3+ 38. Kg2 Rb5 39. Kf3 g5 40. hxg5+ Kxg5 41. Ra6 e5 42. Kg2 e4 43. Kg1 h4 44. gxh4+ Kxh4 45. Kg2 Kg4 46. Rg6+ Kf4 47. Ra6 Ke5 48. Ra8 Kd4 49. Kg3 Kc4 50. Kf4 Kb3 51. f3 exf3 52. Kxf3 Kxb2 53. Ke2 Kb3 54. Kd2 a4 55. Kc1 f4 56. Rf8 Rb4 57. Rh8 Rc4+ 58. Kb1 Kc3 59. Rh3+ Kd2 0-1

[Event "DEN-ch"]
[Site "Svendborg"]
[Date "2024.03.30"]
[Round "8"]
[White "Olsen, Filip Boe"]
[Black "Haubro, Martin"]
[Result "1-0"]
[WhiteElo "2456"]
[BlackElo "2436"]
[PlyCount "61"]
[EventDate "2024.03.23"]
[EventType "tourn"]
[EventRounds "9"]
[EventCountry "DEN"]
[EventCategory "7"]
[SourceTitle "CB14_2024"]
[SourceDate "2024.04.01"]
[SourceVersion "1"]
[SourceVersionDate "2024.04.01"]
[SourceQuality "1"]

1. Nf3 d5 2. g3 g6 3. Bg2 Bg7 4. 0-0 e5 5. d3 Ne7 6. e4 0-0 7. b4 d4 8. c3 dxc3 9. Nxc3 Bg4 10. Bg5 h6 11. Be3 Nbc6 12. Qd2 Qd7 13. Ne2 Kh7 14. b5 Nd4 15. Bxd4 exd4 16. Rab1 a6 17. b6 Rac8 18. Nf4 g5 19. Ne2 c5 20. Nc1 c4 21. dxc4 Rxc4 22. Nd3 Ng6 23. Nb4 Rfc8 24. Ne1 Be6 25. Ned3 Ne7 26. f4 a5 27. f5 axb4 28. fxe6 fxe6 29. Rf7 Rf8 30. Rxf8 Bxf8 31. Ne5 1-0

[Event "DEN-ch"]
[Site "Svendborg"]
[Date "2024.03.24"]
[Round "2"]
[White "Fries Nielsen, Jens Ove"]
[Black "Olsen, Filip Boe"]
[Result "1/2-1/2"]
[WhiteElo "2364"]
[BlackElo "2456"]
[PlyCount "273"]
[EventDate "2024.03.23"]
[EventType "tourn"]
[EventRounds "9"]
[EventCountry "DEN"]
[EventCategory "7"]
[SourceTitle "CB14_2024"]
[SourceDate "2024.04.01"]
[SourceVersion "1"]
[SourceVersionDate "2024.04.01"]
[SourceQuality "1"]

1. Nf3 d5 2. g3 c5 3. Bg2 Nc6 4. 0-0 e5 5. d3 Be7 6. Nc3 d4 7. Nb5 Be6 8. a4 Nf6 9. Bg5 0-0 10. Bxf6 Bxf6 11. Nd2 Qd7 12. c3 Rab8 13. Na3 a6 14. Nac4 b5 15. axb5 axb5 16. Na5 Nxa5 17. Rxa5 c4 18. dxc4 dxc3 19. bxc3 Rbd8 20. Ra2 Bxc4 21. Rb2 Bg5 22. e3 Bxf1 23. Bxf1 Rb8 24. Qb1 Be7 25. Nf3 Qd5 26. Qf5 g6 27. Qxe5 Qxe5 28. Nxe5 Rfc8 29. Rb3 Rc7 30. Rxb5 Rxb5 31. Bxb5 Rxc3 32. Nf3 Rc2 33. g4 Bc5 34. Bd3 Rb2 35. h3 Kg7 36. Be4 Be7 37. Kg2 h6 38. Bd3 Bg5 39. Kg3 Bf6 40. Kg2 Bd8 41. Be4 Rb4 42. Bd3 Bb6 43. Kg1 Kf6 44. Ba6 Ke7 45. Bd3 Rb2 46. Kf1 Ra2 47. Kg1 Ra3 48. Be4 Ke6 49. Bb7 Rc3 50. Kg2 Rc2 51. Kg3 Rb2 52. Bc8+ Ke7 53. Ba6 f5 54. gxf5 gxf5 55. Bc8 Kf6 56. Nh4 f4+ 57. Kxf4 Rxf2+ 58. Nf3 Re2 59. Nd4 Rd2 60. Ke4 h5 61. Bd7 Rg2 62. Be8 Rg5 63. Nf3 Ra5 64. Kf4 Bc7+ 65. Ke4 Bg3 66. Kd3 Bf2 67. e4 Ke7 68. Bg6 Bg3 69. Bf5 Ra3+ 70. Ke2 Kf6 71. Bc8 Bc7 72. Kf2 Bf4 73. Bd7 Ra2+ 74. Kf1 Bg3 75. Kg1 Rf2 76. Bc6 Ke6 77. Bd5+ Kd6 78. Ba8 Kd7 79. e5 Re2 80. Bd5 Re3 81. Kg2 h4 82. e6+ Kd6 83. Bc4 Rc3 84. Ba6 Rc2+ 85. Kg1 Bf2+ 86. Kf1 Bg3 87. Be2 Rc5 88. Nd4 Rd5 89. Nb5+ Ke7 90. Nc3 Rf5+ 91. Kg1 Rc5 92. Ne4 Rc1+ 93. Kg2 Rc2 94. Kf3 Kxe6 95. Bd3 Rb2 96. Bc4+ Ke5 97. Nxg3 Rc2 98. Bf1 Rc3+ 99. Kg4 Rxg3+ 100. Kxh4 Rg8 101. Bc4 Rc8 102. Bd3 Kf4 103. Kh5 Rh8+ 104. Kg6 Rxh3 105. Bc4 Rc3 106. Bd5 Rc5 107. Bb3 Rb5 108. Bc4 Rb6+ 109. Kf7 Ke5 110. Ba2 Rf6+ 111. Ke7 Ra6 112. Bb3 Ra7+ 113. Ke8 Kf6 114. Bc4 Rg7 115. Bb3 Re7+ 116. Kd8 Rb7 117. Bc4 Rb4 118. Ba2 Rb2 119. Bc4 Rd2+ 120. Ke8 Rd6 121. Bb3 Rb6 122. Bc4 Rb7 123. Ba2 Re7+ 124. Kd8 Ra7 125. Bb3 Ke5 126. Ke8 Kd6 127. Bc4 Re7+ 128. Kf8 Re4 129. Bb3 Rf4+ 130. Ke8 Rb4 131. Ba2 Rb2 132. Bc4 Rb7 133. Ba2 Rb4 134. Kf8 Ke5 135. Ke7 Rb7+ 136. Ke8 Re7+ 137. Kxe7 1/2-1/2

[Event "Titled Tuesday intern op 13th Feb Late"]
[Site "Chess.com INT"]
[Date "2024.02.13"]
[Round "3"]
[White "Olsen, Filip Boe"]
[Black "Durarbayli, Vasif"]
[Result "0-1"]
[WhiteElo "2454"]
[BlackElo "2627"]
[PlyCount "68"]
[EventDate "2024.02.13"]
[EventType "swiss (blitz)"]
[EventRounds "11"]
[EventCountry "USA"]
[SourceTitle "CB08_2024"]
[SourceDate "2024.02.21"]
[SourceVersion "1"]
[SourceVersionDate "2024.02.21"]
[SourceQuality "1"]

1. Nf3 d5 2. g3 g6 3. Bg2 Bg7 4. 0-0 e5 5. d3 Nc6 6. e4 Nge7 7. c4 dxe4 8. dxe4 Qxd1 9. Rxd1 Bg4 10. Re1 0-0-0 11. Nc3 Nb4 12. Re2 Nec6 13. Nd5 Bxf3 14. Bxf3 Nxd5 15. cxd5 Nd4 16. Kg2 Nxe2 17. Bxe2 f5 18. Bg5 Rd6 19. Rc1 fxe4 20. Be7 Rxd5 21. Bc4 Rd2 22. Be6+ Kb8 23. Bg5 Rxb2 24. Rd1 Rf8 25. Be3 Bf6 26. Rd7 h5 27. Bc5 Rd8 28. Rf7 Bg5 29. h4 Bc1 30. Be7 Re8 31. Bd7 Rg8 32. Be6 e3 33. Bc5 e2 34. Rd7 Rc8 0-1

[Event "Titled Tuesday intern op 06th Feb Late"]
[Site "Chess.com INT"]
[Date "2024.02.06"]
[Round "9"]
[White "Holt, Conrad"]
[Black "Olsen, Filip Boe"]
[Result "1-0"]
[WhiteElo "2540"]
[BlackElo "2454"]
[PlyCount "155"]
[EventDate "2024.02.06"]
[EventType "swiss (blitz)"]
[EventRounds "11"]
[EventCountry "USA"]
[SourceTitle "CB07_2024"]
[SourceDate "2024.02.14"]
[SourceVersion "1"]
[SourceVersionDate "2024.02.14"]
[SourceQuality "1"]

1. d4 d5 2. c4 e6 3. Nc3 c5 4. cxd5 exd5 5. Nf3 Nf6 6. Bg5 Be6 7. g3 h6 8. Bxf6 Qxf6 9. Bg2 Nc6 10. dxc5 Bxc5 11. 0-0 0-0-0 12. Rc1 Kb8 13. Ne1 Rhe8 14. Nd3 Bd4 15. Qa4 Bg4 16. e3 Bxc3 17. Qxg4 Bxb2 18. Rxc6 Qxc6 19. Nxb2 Qc2 20. Qb4 Re6 21. Na4 Qc4 22. Qa3 Ra6 23. Qe7 Qc7 24. Qb4 Qc4 25. Rb1 Qxb4 26. Rxb4 Rc6 27. Bf3 Rc1+ 28. Kg2 Rc2 29. Nb2 b6 30. a4 Kc7 31. Rb3 d4 32. exd4 Rxd4 33. a5 Rdd2 34. axb6+ axb6 35. Nd3 b5 36. Kf1 Kb6 37. Ke1 Ka5 38. Ra3+ Kb6 39. Bd1 Ra2 40. Rb3 Ka5 41. h4 g6 42. Rc3 b4 43. Rb3 g5 44. hxg5 hxg5 45. Nxb4 Rab2 46. Nc6+ Ka6 47. Rxb2 Rxb2 48. Ne5 f6 49. Ng4 f5 50. Ne3 f4 51. gxf4 gxf4 52. Nd5 Kb5 53. Nxf4 Kc5 54. Nd3+ Kd4 55. Nxb2 Ke4 56. Ke2 Kf4 57. f3 Kf5 58. Ke3 Ke5 59. f4+ Kf5 60. Kf3 Kf6 61. Ke4 Ke6 62. f5+ Kf6 63. Kf4 Kf7 64. Ke5 Ke7 65. f6+ Kf7 66. Kf5 Kf8 67. Ke6 Ke8 68. f7+ Kf8 69. Bc2 Kg7 70. Ke7 Kh6 71. f8Q+ Kg5 72. Qf6+ Kg4 73. Nd3 Kg3 74. Qf4+ Kg2 75. Bb3 Kh1 76. Qg4 Kh2 77. Ne1 Kh1 78. Qg2# 1-0

[Event "Titled Tuesday intern op 23rd Jan Late"]
[Site "Chess.com INT"]
[Date "2024.01.23"]
[Round "6"]
[White "Olsen, Filip Boe"]
[Black "Andrews, Todd D"]
[Result "1-0"]
[WhiteElo "2441"]
[BlackElo "2133"]
[PlyCount "51"]
[EventDate "2024.01.23"]
[EventType "swiss (blitz)"]
[EventRounds "11"]
[EventCountry "USA"]
[SourceTitle "CB05_2024"]
[SourceDate "2024.01.31"]
[SourceVersion "1"]
[SourceVersionDate "2024.01.31"]
[SourceQuality "1"]

1. d4 Nf6 2. Nf3 c5 3. c3 cxd4 4. cxd4 g6 5. Bf4 d6 6. e3 Bg7 7. Nc3 0-0 8. Be2 b6 9. h3 Bb7 10. 0-0 Nbd7 11. Rc1 Rc8 12. Bh2 a6 13. Nd2 Rc7 14. Bf3 Qa8 15. Bxb7 Qxb7 16. e4 e5 17. dxe5 dxe5 18. Nf3 Rfc8 19. Nxe5 Nxe5 20. Bxe5 Rc4 21. b3 R4c6 22. Qf3 b5 23. Rcd1 Nxe4 24. Bxg7 Nxc3 25. Bxc3 Rxc3 26. Qxb7 1-0

[Event "Titled Tuesday intern op 23rd Jan Late"]
[Site "Chess.com INT"]
[Date "2024.01.23"]
[Round "4"]
[White "Olsen, Filip Boe"]
[Black "Przybylski, Wojciech"]
[Result "0-1"]
[WhiteElo "2441"]
[BlackElo "2308"]
[PlyCount "94"]
[EventDate "2024.01.23"]
[EventType "swiss (blitz)"]
[EventRounds "11"]
[EventCountry "USA"]
[SourceTitle "CB05_2024"]
[SourceDate "2024.01.31"]
[SourceVersion "1"]
[SourceVersionDate "2024.01.31"]
[SourceQuality "1"]

1. c4 e5 2. d3 Nf6 3. Nf3 d6 4. g3 Be7 5. Bg2 0-0 6. 0-0 c6 7. b4 a5 8. b5 Bg4 9. Nc3 Qc7 10. Rb1 Nbd7 11. a4 h6 12. Ba3 Rfe8 13. Ne4 Nxe4 14. dxe4 Nc5 15. Bxc5 dxc5 16. Ne1 Rad8 17. Nd3 Rd4 18. Qc2 Be6 19. Nb2 Red8 20. Rfd1 cxb5 21. axb5 b6 22. e3 R4d7 23. Rd5 Bg4 24. Nd3 f6 25. f4 Be6 26. Rf1 Bd6 27. fxe5 fxe5 28. Rf5 Bxd5 29. exd5 Rf7 30. Be4 Rdf8 31. Nf2 Qd7 32. g4 Qe7 33. Kg2 Qh4 34. h3 Rxf5 35. Bxf5 g6 36. Bxg6 Qg5 37. Bf5 Qxe3 38. Ne4 Be7 39. d6 Bh4 40. d7 a4 41. Qd1 Qd4 42. Qc1 Rxf5 43. gxf5 Qxe4+ 44. Kg1 Qxf5 45. Qxh6 Qg5+ 46. Qxg5+ Bxg5 47. Kf2 a3 0-1

[Event "Malmo op"]
[Site "Malmo"]
[Date "2023.12.17"]
[Round "7"]
[White "Lindh, Fredrik"]
[Black "Olsen, Filip Boe"]
[Result "0-1"]
[WhiteElo "2251"]
[BlackElo "2423"]
[PlyCount "58"]
[EventDate "2023.12.15"]
[EventType "swiss"]
[EventRounds "8"]
[EventCountry "SWE"]
[SourceTitle "CB51_2023"]
[SourceDate "2023.12.20"]
[SourceVersion "1"]
[SourceVersionDate "2023.12.20"]
[SourceQuality "1"]

1. e4 c5 2. Nf3 d6 3. d4 cxd4 4. Nxd4 Nf6 5. Nc3 a6 6. Be3 e5 7. Nb3 Be7 8. f3 Be6 9. Qd2 h5 10. Nd5 Bxd5 11. exd5 Nbd7 12. Be2 Qc7 13. c4 a5 14. Rc1 0-0 15. 0-0 g6 16. Qd3 Nh7 17. g3 f5 18. f4 a4 19. Nd2 Nhf6 20. Kh1 Rfe8 21. Rfe1 Ng4 22. Bg1 exf4 23. Bxg4 hxg4 24. gxf4 Bf6 25. Bd4 Nc5 26. Qc3 Bxd4 27. Qxd4 Qg7 28. Qxg7+ Kxg7 29. b4 Nd3 0-1

[Event "London GM-B"]
[Site "London"]
[Date "2023.12.09"]
[Round "9"]
[White "Olsen, Filip Boe"]
[Black "Stremavicius, Pijus"]
[Result "0-1"]
[WhiteElo "2423"]
[BlackElo "2367"]
[PlyCount "120"]
[EventDate "2023.12.05"]
[EventType "tourn"]
[EventRounds "9"]
[EventCountry "ENG"]
[EventCategory "5"]
[SourceTitle "CB50_2023"]
[SourceDate "2023.12.13"]
[SourceVersion "1"]
[SourceVersionDate "2023.12.13"]
[SourceQuality "1"]

1. Nf3 f5 2. d4 e6 3. g3 Nf6 4. c4 d5 5. Nc3 Be7 6. Bf4 c6 7. e3 0-0 8. Bd3 Ne4 9. h4 Nd7 10. Qc2 Ndf6 11. 0-0 Bd7 12. Ne5 Be8 13. f3 Nd6 14. cxd5 cxd5 15. g4 fxg4 16. fxg4 Rc8 17. Qg2 Nfe4 18. Nxe4 dxe4 19. Bc2 Bxh4 20. Bb3 Qe7 21. Qh2 Rd8 22. Rac1 Bb5 23. Rc7 Qf6 24. Rfc1 Kh8 25. a4 Be8 26. R1c5 Bg5 27. Ng6+ Bxg6 28. Rxg5 Nf7 29. Rgc5 e5 30. dxe5 Qb6 31. Rc3 Rd3 32. Rc8 Nd8 33. Qh4 Rxc3 34. bxc3 Qxb3 35. Rxd8 Qg8 36. Rd7 Qe6 37. Qe7 Qxg4+ 38. Kf2 Rg8 39. e6 Bh5 40. Rd8 Qe2+ 41. Kg3 h6 42. Rxg8+ Kxg8 43. Qd8+ Kh7 44. Qd5 Qf3+ 45. Kh2 Bg4 46. Kg1 Bh3 47. Qd2 Bxe6 48. a5 Bh3 49. Kh2 Qf1 50. Qc2 Qd3 51. Qf2 Bg4 52. Be5 Bf3 53. Qg3 Qe2+ 54. Kg1 Qxe3+ 55. Kh2 Qe2+ 56. Kg1 g5 57. Bd4 Kg6 58. Qd6+ Kh5 59. Qg3 Qd1+ 60. Kf2 e3+ 0-1

[Event "London GM-B"]
[Site "London"]
[Date "2023.12.06"]
[Round "3"]
[White "Olsen, Filip Boe"]
[Black "Rudd, Jack"]
[Result "1-0"]
[WhiteElo "2423"]
[BlackElo "2314"]
[PlyCount "85"]
[EventDate "2023.12.05"]
[EventType "tourn"]
[EventRounds "9"]
[EventCountry "ENG"]
[EventCategory "5"]
[SourceTitle "CB50_2023"]
[SourceDate "2023.12.13"]
[SourceVersion "1"]
[SourceVersionDate "2023.12.13"]
[SourceQuality "1"]

1. d4 Nf6 2. c4 g6 3. Nf3 Bg7 4. g3 0-0 5. Bg2 d6 6. Nc3 Nc6 7. d5 Na5 8. b3 c5 9. Bb2 a6 10. Nd2 Bd7 11. 0-0 b5 12. Qc1 Rb8 13. Rb1 Qc8 14. Nd1 Bh3 15. e4 Bxg2 16. Kxg2 e5 17. Ne3 Ng4 18. Nxg4 Qxg4 19. f3 Qd7 20. Qc3 Qc7 21. f4 bxc4 22. bxc4 Rb4 23. a3 Rb7 24. Qc2 f6 25. Bc3 Rfb8 26. Qa4 Rxb1 27. Rxb1 Rxb1 28. Nxb1 Nb7 29. Qxa6 exf4 30. gxf4 Qd7 31. h3 Nd8 32. Qa8 Qe7 33. Nd2 Bf8 34. a4 Nf7 35. Qc8 f5 36. Qe6 Qxe6 37. dxe6 Nd8 38. a5 Nxe6 39. a6 Nc7 40. a7 fxe4 41. Nxe4 Be7 42. Ba5 Na8 43. Nc3 1-0

[Event "Figueira da Foz op 17th"]
[Site "Figueira da Foz"]
[Date "2023.11.09"]
[Round "6"]
[White "Olsen, Filip Boe"]
[Black "Kistrup, Nicolai"]
[Result "1-0"]
[WhiteElo "2416"]
[BlackElo "2330"]
[PlyCount "121"]
[EventDate "2023.11.05"]
[EventType "swiss"]
[EventRounds "9"]
[EventCountry "POR"]
[SourceTitle "CB46_2023"]
[SourceDate "2023.11.15"]
[SourceVersion "1"]
[SourceVersionDate "2023.11.15"]
[SourceQuality "1"]

1. d4 Nf6 2. c4 e6 3. Bf4 d5 4. cxd5 exd5 5. e3 Bb4+ 6. Nc3 0-0 7. Bd3 c5 8. dxc5 Nbd7 9. Nge2 Nxc5 10. 0-0 Bg4 11. Rc1 Bxc3 12. Rxc3 Nfe4 13. Bxe4 Nxe4 14. Rd3 Bxe2 15. Qxe2 Nc5 16. Rd2 Ne6 17. Be5 Qa5 18. a3 Rad8 19. Rfd1 Rfe8 20. Bc3 Qc5 21. Qh5 Qc6 22. Rxd5 Rxd5 23. Qxd5 Qb6 24. h3 Rd8 25. Qf3 Rxd1+ 26. Qxd1 Qc6 27. Qh5 Qe4 28. Qb5 Qc6 29. Qe5 Qc8 30. h4 f6 31. Qd5 Qc6 32. Qxc6 bxc6 33. Kf1 Kf7 34. h5 f5 35. Ke2 g6 36. hxg6+ hxg6 37. Bd4 a6 38. Kd3 Ke7 39. Be5 Kd7 40. Kc4 Kc8 41. f3 Kd7 42. Bh2 Kc8 43. Kd3 Kd7 44. e4 Ke7 45. exf5 gxf5 46. Kc4 Kd7 47. Be5 Kc8 48. g4 fxg4 49. fxg4 Kd7 50. Bg3 Kc8 51. Bd6 Kd7 52. Be5 Kc8 53. Kd3 Kd7 54. Ke4 Ke7 55. Kf5 Kf7 56. g5 Nf8 57. b4 Ng6 58. Bf6 Nh4+ 59. Ke5 Nf3+ 60. Kd6 Nd2 61. Kxc6 1-0